000 00649nam a2200241Ia 4500
003 OSt
005 20220918202650.0
006 a|||||r|||| 00| 0
007 ta
008 220917b |||||||| |||| 00| 0 eng d
024 _a102,933
037 _cTextual
040 _aARTS
_cARTS
_beng
041 _2eng
_aeng
082 _aV255:72.d, M5 (P15)
100 _aHira Lal
_9102879
245 0 _aInscriptions in the central privinces and Berar
260 _aPatna
_bEastern Book House
_c1985
300 _a230p.
_ccm.
650 _aHISTORY
942 _hV255:72.d, M5 (P15)
_cTEXL
_2CC
999 _c226378
_d226378